| 000 | 00506nam a2200181Ia 4500 | ||
|---|---|---|---|
| 999 |
_c14030 _d14030 |
||
| 003 | OSt | ||
| 005 | 20201023114036.0 | ||
| 008 | 190216s9999||||xx |||||||||||||| ||und|| | ||
| 020 | _a9780349103181 | ||
| 040 | _coclc | ||
| 082 |
_a813.54 _bMAI/H |
||
| 100 |
_aMailer, Norman _95416 |
||
| 245 | 0 |
_aHarlot's Ghost / _cNorman Mailer |
|
| 260 |
_bAbacus , _c1967. _aEngland: |
||
| 300 | _a1401p | ||
| 650 | _aNovel&Amp;Short Stories | ||
| 942 |
_cBK _2ddc _h813.54 _iMAI/H _k813.54 _mMAI/H |
||